Siegfried Lenz: Deutschstunde /

Saved in:
Bibliographic Details
Main Author: Weber, Albrecht, 1922-
Format: Book
Language:German
Published: Munchen : Oldenbourg, 1971.
Series:Interpretationen zum Deutschunterricht
Subjects:
LEADER 00840nam a22002051 4500
001 c000196732
003 CARM
005 20021125001700.0
008 851003s1971 gw 1 ger d
019 1 |a 54288930  |z 27038847  |z 3979030  |5 LACONCORD2021 
035 |a (OCoLC)11808109  |5 LACONCORD2021 
100 1 |a Weber, Albrecht,  |d 1922- 
245 1 0 |a Siegfried Lenz: Deutschstunde /  |c Interpretation von A.Weber, mit Beitragen von B.Alt und H.Rickling. 
260 |a Munchen :  |b Oldenbourg,  |c 1971. 
440 0 |a Interpretationen zum Deutschunterricht 
600 1 0 |a Lenz, Siegfried.  |t Deutschstunde. 
852 8 |b CARM  |h A2:AN32A0  |i A03375  |p 0301972  |f BK 
082 0 4 |a 833.9 
999 f f |i f66babf5-91bd-5d4c-bad8-e135c77d923a  |s f07674cb-8a3c-56ab-a2f3-7ad94bd76563 
952 f f |p Can circulate  |a CAVAL  |b CAVAL  |c CAVAL  |d CARM 1 Store  |e A03375  |f A2:AN32A0  |h Other scheme  |i book  |m 0301972